000 00530cab a2200193 4500
001 WB3032-15
008 090401t1994 xxu||||| |||| 00| 0 eng d
035 _a(Sirsi) u36655
041 _aeng
245 _aThatchers bring country to town
260 _c1994
350 _a0
490 _aTimes
_v20 August 1994, 13(1)
520 _aDiscusses increased use of thatch in new housing developments in towns.
650 _aTHATCHED ROOFS
690 _aBUILT ENVIRONMENT-BUILDING MATERIALS
942 _n0
948 _c04/03/1997
999 _c23744
_d23744